[Event "Montreal op"]
[Site "Montreal"]
[Date "2013.09.07"]
[Round "2"]
[White "Hebert, Jean"]
[Black "Ibrahim, Anthony"]
[Result "1-0"]
[WhiteElo "2421"]
[BlackElo "2157"]
[PlyCount "108"]
[EventDate "2013.09.06"]
[EventType "swiss"]
[EventRounds "5"]
[EventCountry "CAN"]
[SourceTitle "EXT 2022"]
[Source "ChessBase"]
[SourceDate "2021.10.06"]
[SourceVersion "1"]
[SourceVersionDate "2021.10.06"]
[SourceQuality "1"]

1. Nf3 Nf6 2. c4 e6 3. d4 d5 4. Bg5 Be7 5. Nc3 0-0 6. e3 b6 7. Rc1 Bb7 8. cxd5 exd5 9. Bxf6 Bxf6 10. b4 c5 11. b5 Re8 12. Be2 Nd7 13. 0-0 Nf8 14. Na4 c4 15. Nc3 Ng6 16. g3 Bc8 17. Nd2 Bh3 18. Re1 a6 19. Rb1 Bf5 20. Rb2 a5 21. Bf3 Be6 22. a3 Rc8 23. Ndb1 Rc7 24. Bg2 Ne7 25. Rd2 Rd7 26. Ne2 Bf5 27. Nbc3 g5 28. h3 Bd3 29. Nc1 Bg6 30. g4 Bg7 31. N1e2 Bd3 32. Ng3 Ng6 33. Rxd3 cxd3 34. Rf1 Nh4 35. Bh1 Rd6 36. Qb3 Qf6 37. Nh5 Nf3+ 38. Kg2 Nh4+ 39. Kh2 Qg6 40. Nxd5 Bf8 41. e4 Red8 42. e5 Rxd5 43. Bxd5 d2 44. Nf6+ Kg7 45. Be4 Qh6 46. Qe3 Bc5 47. Nd5 Bf8 48. Rd1 f5 49. gxf5 Nxf5 50. Bxf5 Rxd5 51. Rxd2 Rxb5 52. Rc2 Be7 53. Rc7 Kf8 54. Qf3 Qh4 1-0

[Event "Montreal op"]
[Site "Montreal"]
[Date "2013.09.07"]
[Round "3"]
[White "Ibrahim, Anthony"]
[Black "Zhu, Hong Rui"]
[Result "1/2-1/2"]
[WhiteElo "2157"]
[BlackElo "2066"]
[PlyCount "55"]
[EventDate "2013.09.06"]
[EventType "swiss"]
[EventRounds "5"]
[EventCountry "CAN"]
[SourceTitle "EXT 2022"]
[Source "ChessBase"]
[SourceDate "2021.10.06"]
[SourceVersion "1"]
[SourceVersionDate "2021.10.06"]
[SourceQuality "1"]

1. d4 d5 2. c4 e6 3. Nf3 Nf6 4. g3 Be7 5. Bg2 0-0 6. 0-0 c5 7. dxc5 Bxc5 8. Bg5 dxc4 9. Qc2 Be7 10. Qxc4 Nc6 11. Nc3 Qa5 12. Rfd1 e5 13. Nd5 Be6 14. Bxf6 Bxf6 15. Nxf6+ gxf6 16. Qh4 Kg7 17. Nd2 Qb4 18. Ne4 Qe7 19. Nd6 Nd4 20. e3 Qxd6 21. exd4 Rfd8 22. Bxb7 Rab8 23. Be4 h6 24. d5 Bd7 25. Rd2 Rdc8 26. Qh5 Rc5 27. Rad1 Rbb5 28. Bf5 1/2-1/2

[Event "Quebec-ch op"]
[Site "Montreal"]
[Date "2013.07.21"]
[Round "2"]
[White "Ibrahim, Anthony"]
[Black "Kleinman, Michael"]
[Result "0-1"]
[WhiteElo "2161"]
[BlackElo "2298"]
[PlyCount "104"]
[EventDate "2013.07.21"]
[EventType "swiss"]
[EventRounds "9"]
[EventCountry "CAN"]
[SourceTitle "EXT 2014"]
[Source "ChessBase"]
[SourceDate "2013.11.20"]
[SourceVersion "1"]
[SourceVersionDate "2013.11.20"]
[SourceQuality "1"]

1. d4 Nf6 2. c4 g6 3. Nc3 d5 4. Bg5 Ne4 5. Bh4 Nxc3 6. bxc3 dxc4 7. e3 Be6 8. Nf3 Bg7 9. Rb1 b6 10. Nd2 0-0 11. Qa4 c5 12. Bxc4 Bxc4 13. Qxc4 Nc6 14. 0-0 Rc8 15. Qe2 Qd7 16. Rfd1 cxd4 17. cxd4 e5 18. dxe5 Nxe5 19. Nb3 Qa4 20. Bg3 Nc4 21. Rbc1 Nb2 22. Rxc8 Rxc8 23. Rc1 Rxc1+ 24. Nxc1 Qe4 25. h3 Qb1 26. Qf1 Bf6 27. Kh2 Na4 28. Qc4 Nc3 29. Qc8+ Kg7 30. Bd6 g5 31. g4 Nd5 32. Qf8+ Kg6 33. Qg8+ Bg7 34. Be5 Nf6 35. Bxf6 Kxf6 36. Qc8 Qe4 37. Ne2 Qf3 38. Qc3+ Kg6 39. Qc2+ Kh6 40. Ng3 Be5 41. Qd2 b5 42. Qe1 b4 43. Kg1 Bxg3 44. fxg3 a5 45. Kh2 Qf6 46. Qd2 Qe5 47. Kg2 Qc5 48. h4 Kg7 49. Qd7 Qxe3 50. Qc6 Qd2+ 51. Kh3 gxh4 52. gxh4 Qc3+ 0-1

[Event "Montreal Elite POM"]
[Site "Montreal"]
[Date "2012.10.08"]
[Round "7.5"]
[White "Libersan, Thierry"]
[Black "Ibrahim, Anthony"]
[Result "1/2-1/2"]
[WhiteElo "2111"]
[BlackElo "2166"]
[PlyCount "62"]
[EventDate "2012.10.05"]
[EventType "swiss"]
[EventRounds "7"]
[EventCountry "CAN"]
[SourceTitle "EXT 2022"]
[Source "ChessBase"]
[SourceDate "2021.10.06"]
[SourceVersion "1"]
[SourceVersionDate "2021.10.06"]
[SourceQuality "1"]

1. e4 c5 2. Nf3 d6 3. d4 cxd4 4. Qxd4 Nc6 5. Bb5 Bd7 6. Bxc6 Bxc6 7. Nc3 Nf6 8. Bg5 e6 9. 0-0-0 Be7 10. Qd3 Qa5 11. h4 0-0 12. Nd4 Rac8 13. Kb1 Rfe8 14. f4 Ng4 15. Qg3 h5 16. f5 Bf8 17. fxe6 fxe6 18. Rhf1 g6 19. Rxf8+ Rxf8 20. Nxe6 Rf7 21. Qxd6 Qe5 22. Nf4 Qxd6 23. Rxd6 Kh7 24. a4 Re8 25. Nfd5 Rd7 26. Rxd7+ Bxd7 27. Nf6+ Nxf6 28. Bxf6 Bc6 29. e5 Bxg2 30. Nb5 Bc6 31. Nd6 Rf8 1/2-1/2

[Event "Montreal op"]
[Site "Montreal"]
[Date "2009.09.13"]
[Round "4"]
[White "Ibrahim, Anthony"]
[Black "Hajiyev, Elshad"]
[Result "1-0"]
[WhiteElo "2210"]
[BlackElo "2086"]
[PlyCount "64"]
[EventDate "2009.09.11"]
[EventType "swiss"]
[EventRounds "5"]
[EventCountry "CAN"]
[SourceTitle "EXT 2011"]
[Source "ChessBase"]
[SourceDate "2010.11.26"]
[SourceVersion "1"]
[SourceVersionDate "2010.11.26"]
[SourceQuality "1"]

1. e4 c6 2. Nf3 d5 3. Nc3 Bg4 4. exd5 cxd5 5. d4 e6 6. Be2 Nc6 7. 0-0 Rc8 8. Re1 Bb4 9. Bf4 Nge7 10. a3 Ba5 11. Nb5 0-0 12. b4 Bb6 13. Nd6 Rb8 14. c4 dxc4 15. Nxc4 Bc7 16. Bxc7 Qxc7 17. Rc1 Qf4 18. g3 Qh6 19. b5 Nd8 20. Nce5 f5 21. Nd7 Nf7 22. Nxb8 Rxb8 23. Ne5 Nxe5 24. dxe5 Bxe2 25. Rxe2 Nd5 26. Rec2 Qg5 27. Rc8+ Rxc8 28. Rxc8+ Kf7 29. h4 Qh6 30. Rb8 g5 31. Rxb7+ Kg6 32. h5+ Qxh5 1-0

[Event "Montreal op"]
[Site "Montreal"]
[Date "2009.09.12"]
[Round "3"]
[White "Poulin, Mathieu"]
[Black "Ibrahim, Anthony"]
[Result "0-1"]
[WhiteElo "1949"]
[BlackElo "2210"]
[PlyCount "40"]
[EventDate "2009.09.11"]
[EventType "swiss"]
[EventRounds "5"]
[EventCountry "CAN"]
[SourceTitle "EXT 2011"]
[Source "ChessBase"]
[SourceDate "2010.11.26"]
[SourceVersion "1"]
[SourceVersionDate "2010.11.26"]
[SourceQuality "1"]

1. d4 Nf6 2. c4 e6 3. Nc3 Bb4 4. Qc2 0-0 5. a3 Bxc3+ 6. Qxc3 b6 7. Bg5 h6 8. Bh4 Bb7 9. f3 d5 10. e3 Nbd7 11. Bf2 c5 12. Bd3 Rc8 13. dxc5 Nxc5 14. Be2 dxc4 15. Bxc4 Nfe4 16. Qc2 Nxf2 17. Kxf2 b5 18. Rd1 Qf6 19. b4 Ne4+ 20. Ke2 Rxc4 0-1

[Event "Montreal Pere Noel op"]
[Site "Montreal"]
[Date "2008.12.27"]
[Round "2"]
[White "Ibrahim, Anthony"]
[Black "Sambuev, Bator"]
[Result "0-1"]
[WhiteElo "2163"]
[BlackElo "2493"]
[PlyCount "50"]
[EventDate "2008.12.26"]
[EventType "swiss"]
[EventRounds "5"]
[EventCountry "CAN"]
[SourceTitle "EXT 2011"]
[Source "ChessBase"]
[SourceDate "2010.11.26"]
[SourceVersion "1"]
[SourceVersionDate "2010.11.26"]
[SourceQuality "1"]

1. d4 Nf6 2. Nc3 d5 3. f3 c5 4. e4 cxd4 5. Qxd4 Nc6 6. Bb5 Bd7 7. Bxc6 Bxc6 8. e5 Nd7 9. Be3 e6 10. Nge2 Bc5 11. Qd2 Qh4+ 12. Kf1 Bxe3 13. Qxe3 0-0 14. Nd4 f6 15. exf6 Rxf6 16. Nxc6 bxc6 17. Rd1 Raf8 18. Ke2 e5 19. Qxa7 Qg5 20. Rhf1 d4 21. Rd3 dxc3 22. Rxd7 cxb2 23. Qb7 e4 24. Qb3+ Kh8 25. Qxb2 Qxg2+ 0-1

[Event "Quebec op U2300"]
[Site "Montreal"]
[Date "2007.??.??"]
[Round "4"]
[White "Arsenault, Nicolas"]
[Black "Ibrahim, Anthony"]
[Result "0-1"]
[WhiteElo "2120"]
[BlackElo "2175"]
[PlyCount "100"]
[EventDate "2007.07.20"]
[EventType "swiss"]
[EventRounds "9"]
[EventCountry "CAN"]
[SourceTitle "EXT 2010"]
[Source "ChessBase"]
[SourceDate "2010.11.25"]
[SourceVersion "1"]
[SourceVersionDate "2010.11.25"]
[SourceQuality "1"]

1. e4 c5 2. Nf3 Nc6 3. d4 cxd4 4. Nxd4 Nf6 5. Nc3 e5 6. Ndb5 d6 7. Bg5 a6 8. Na3 b5 9. Bxf6 gxf6 10. Nd5 Bg7 11. c4 f5 12. cxb5 Nd4 13. Bd3 Be6 14. 0-0 Bxd5 15. exd5 e4 16. Be2 0-0 17. Nc2 Nxb5 18. a4 Nc7 19. Rb1 f4 20. f3 f5 21. Nd4 Kh8 22. Bc4 Rc8 23. Nc6 Qg5 24. b4 Rg8 25. b5 axb5 26. axb5 Bf6 27. Rf2 Nxb5 28. Bxb5 Ra8 29. Nd4 Ra3 30. Ne6 Qh6 31. Kh1 Be5 32. Qc1 Rc3 33. Rc2 Qg6 34. Be8 Rxc2 35. Qxc2 Rxe8 36. fxe4 fxe4 37. Re1 e3 38. Qe2 Rc8 39. Qf3 Rg8 40. Rg1 Qf6 41. Rf1 Qh4 42. Rb1 Rc8 43. h3 Qf6 44. Rf1 Qf5 45. g4 Qf6 46. g5 Qf5 47. Re1 Rb8 48. Re2 Qb1+ 49. Kg2 Rb2 50. h4 Rd2 0-1

[Event "Quebec op U2300"]
[Site "Montreal"]
[Date "2007.??.??"]
[Round "2"]
[White "Gulko, Andrei"]
[Black "Ibrahim, Anthony"]
[Result "1/2-1/2"]
[WhiteElo "2090"]
[BlackElo "2175"]
[PlyCount "94"]
[EventDate "2007.07.20"]
[EventType "swiss"]
[EventRounds "9"]
[EventCountry "CAN"]
[SourceTitle "EXT 2010"]
[Source "ChessBase"]
[SourceDate "2010.11.25"]
[SourceVersion "1"]
[SourceVersionDate "2010.11.25"]
[SourceQuality "1"]

1. d4 d5 2. Bg5 h6 3. Bh4 Qd6 4. Nf3 Bf5 5. e3 Nd7 6. Nbd2 g5 7. Bg3 Qg6 8. c4 e6 9. Bxc7 Rc8 10. Ba5 Bc2 11. Qc1 Bd3 12. Bxd3 Qxd3 13. b3 g4 14. Ng1 b6 15. Bc3 dxc4 16. bxc4 b5 17. Ne2 bxc4 18. Nf4 Qf5 19. Qb1 Qxb1+ 20. Rxb1 Nb6 21. 0-0 Bd6 22. Ne2 Ne7 23. Rfc1 f5 24. Ba5 Ned5 25. Bxb6 Nxb6 26. Rc2 Rh7 27. a4 Rhc7 28. Nc3 Be7 29. Nb5 Rb7 30. a5 Nd5 31. Nd6+ Bxd6 32. Rxb7 c3 33. Nb1 a6 34. Kf1 Bb4 35. Rh7 Rc6 36. Ke2 Bxa5 37. f3 Rb6 38. Na3 Rb4 39. fxg4 Ra4 40. Nb1 Ra1 41. Rb7 Bb4 42. Nd2 Kd8 43. Nf3 fxg4 44. Ne5 a5 45. Nd3 Rg1 46. Kf2 Rd1 47. Ke2 Rg1 1/2-1/2

[Event "Quebec-ch sf"]
[Site "Montreal"]
[Date "2004.06.19"]
[Round "1"]
[White "Ibrahim, Anthony"]
[Black "Poirier, Erik"]
[Result "1-0"]
[WhiteElo "2272"]
[BlackElo "2029"]
[PlyCount "45"]
[EventDate "2004.06.??"]
[EventType "swiss"]
[EventRounds "5"]
[EventCountry "CAN"]
[SourceTitle "EXT 2006"]
[Source "ChessBase"]
[SourceDate "2005.11.24"]
[SourceVersion "1"]
[SourceVersionDate "2005.11.24"]
[SourceQuality "1"]

1. e4 c5 2. Nf3 Nc6 3. d4 cxd4 4. Nxd4 Nf6 5. Nc3 e5 6. Ndb5 d6 7. Nd5 Nxd5 8. exd5 Nb8 9. c4 Be7 10. Be2 0-0 11. Be3 a6 12. Nc3 f5 13. f3 Nd7 14. 0-0 Bg5 15. Bf2 Qe7 16. Re1 e4 17. Bd4 Bh4 18. g3 Qg5 19. f4 Qh6 20. gxh4 Qxh4 21. Qd2 g5 22. Rf1 Kf7 23. fxg5 1-0

[Event "Montreal Autumn Knights"]
[Site "Montreal"]
[Date "2002.11.27"]
[Round "7"]
[White "Chabot, Roland"]
[Black "Ibrahim, Anthony"]
[Result "1/2-1/2"]
[WhiteElo "2222"]
[BlackElo "2162"]
[PlyCount "58"]
[EventDate "2002.10.16"]
[EventType "tourn"]
[EventRounds "9"]
[EventCountry "CAN"]
[SourceTitle "EXT 2006"]
[Source "ChessBase"]
[SourceDate "2005.11.24"]
[SourceVersion "1"]
[SourceVersionDate "2005.11.24"]
[SourceQuality "1"]

1. d4 Nf6 2. c4 e6 3. Nc3 Bb4 4. e3 0-0 5. Nge2 b6 6. a3 Be7 7. e4 d6 8. Ng3 c5 9. d5 exd5 10. exd5 Nbd7 11. Be2 Ne5 12. h3 Ne8 13. 0-0 f5 14. f4 Ng6 15. Bd3 Bh4 16. Nge2 Bd7 17. Qc2 Nc7 18. Bd2 a6 19. b3 b5 20. Nd1 a5 21. Ne3 Ne7 22. cxb5 Bxb5 23. Bxb5 Nxb5 24. Qd3 Qe8 25. Nc4 Bf6 26. Rad1 Nd4 27. Nxd4 Bxd4+ 28. Be3 Bxe3+ 29. Qxe3 Nc8 1/2-1/2

[Event "Montreal Autumn Knights"]
[Site "Montreal"]
[Date "2002.10.30"]
[Round "3"]
[White "Ibrahim, Anthony"]
[Black "Kleinplatz, Sam"]
[Result "0-1"]
[WhiteElo "2162"]
[BlackElo "2316"]
[PlyCount "108"]
[EventDate "2002.10.16"]
[EventType "tourn"]
[EventRounds "9"]
[EventCountry "CAN"]
[SourceTitle "EXT 2006"]
[Source "ChessBase"]
[SourceDate "2005.11.24"]
[SourceVersion "1"]
[SourceVersionDate "2005.11.24"]
[SourceQuality "1"]

1. e4 d5 2. exd5 Nf6 3. c4 c6 4. d4 cxd5 5. Nc3 g6 6. Nf3 Bg7 7. Qb3 0-0 8. cxd5 Nbd7 9. Be2 Nb6 10. 0-0 Nfxd5 11. Nxd5 Qxd5 12. Qxd5 Nxd5 13. Bd2 Bg4 14. Rac1 Rfd8 15. Be3 Rac8 16. h3 Be6 17. Bd2 Nb6 18. b3 Bxd4 19. Nxd4 Rxd4 20. Be3 Rdd8 21. Bxb6 axb6 22. Bf3 Rxc1 23. Rxc1 Rd2 24. Rc7 Rxa2 25. Rxe7 Rb2 26. Rxb7 Rxb3 27. Bc6 Bc4 28. Rd7 Be6 29. Rd2 Kf8 30. f3 Ke7 31. Kf2 h5 32. h4 Rb4 33. g3 Rb1 34. Be4 Rb3 35. Rd3 Rxd3 36. Bxd3 Kd6 37. Ke3 Ke5 38. f4+ Kd5 39. Be2 Bf5 40. Bb5 Kc5 41. Be8 f6 42. Bf7 b5 43. Bg8 Bc2 44. Bf7 Bb1 45. Be6 Bf5 46. Bf7 Kb4 47. Be8 Kc4 48. Kd2 b4 49. Bf7+ Kd4 50. Bb3 Ke4 51. Bd1 Bg4 52. Bc2+ Kf3 53. Bxg6 Kxg3 54. Ke3 Kxh4 0-1

[Event "Montreal op 05b"]
[Site "Montreal"]
[Date "2002.05.26"]
[Round "4"]
[White "Bouchard, Jean Marc"]
[Black "Ibrahim, Anthony"]
[Result "0-1"]
[WhiteElo "2031"]
[BlackElo "2178"]
[PlyCount "70"]
[EventDate "2002.05.24"]
[EventType "swiss"]
[EventRounds "5"]
[EventCountry "CAN"]
[SourceTitle "EXT 2009"]
[Source "ChessBase"]
[SourceDate "2008.11.26"]
[SourceVersion "1"]
[SourceVersionDate "2008.11.26"]
[SourceQuality "1"]

1. b3 e5 2. Bb2 Nc6 3. e3 d5 4. Bb5 Bd6 5. f4 Qe7 6. Nf3 Bg4 7. fxe5 Bxe5 8. Bxe5 Bxf3 9. Qxf3 Qxe5 10. 0-0 Nf6 11. Nc3 0-0 12. Bxc6 bxc6 13. Qf4 Qe7 14. Ne2 Nh5 15. Qf3 g6 16. Nd4 c5 17. Nf5 Qe6 18. g4 Nf6 19. Nh6+ Kg7 20. d3 Nd7 21. Qf4 Rae8 22. Rf3 Qe5 23. Raf1 Qxf4 24. Rxf4 Kxh6 25. Rxf7 Rxf7 26. Rxf7 Ne5 27. g5+ Kxg5 28. Rxc7 Ng4 29. e4 dxe4 30. dxe4 Rxe4 31. Rxc5+ Kf4 32. Rc7 Re1+ 33. Kg2 Re2+ 34. Kg1 Nxh2 35. Rxh7 Kg3 0-1

[Event "Quebec op"]
[Site "Montreal"]
[Date "2000.07.23"]
[Round "3"]
[White "Khassanov, Marat"]
[Black "Ibrahim, Anthony"]
[Result "1-0"]
[WhiteElo "2338"]
[BlackElo "2145"]
[PlyCount "71"]
[EventDate "2000.07.22"]
[EventType "swiss"]
[EventRounds "9"]
[EventCountry "CAN"]
[SourceTitle "EXT 2002"]
[Source "ChessBase"]
[SourceDate "2001.11.25"]
[SourceVersion "1"]
[SourceVersionDate "2001.11.25"]
[SourceQuality "1"]

1. e4 c5 2. Nf3 Nc6 3. Nc3 e6 4. d4 cxd4 5. Nxd4 Nf6 6. g3 d6 7. Bg2 Be7 8. Nxc6 bxc6 9. e5 Nd5 10. exd6 Bxd6 11. 0-0 Bb7 12. Nxd5 cxd5 13. c4 0-0 14. cxd5 e5 15. f4 exf4 16. Bxf4 Qb6+ 17. Kh1 Rad8 18. Qd2 Bb4 19. Qe3 Bxd5 20. Qxb6 Bxg2+ 21. Kxg2 axb6 22. Rad1 Rfe8 23. Rxd8 Rxd8 24. Bc7 Rd2+ 25. Rf2 Rxf2+ 26. Kxf2 Bc5+ 27. Kf3 Kf8 28. Ke4 Ke7 29. Kd5 Kd7 30. Be5 Bg1 31. h3 g6 32. a4 f5 33. b4 Bf2 34. a5 bxa5 35. bxa5 Kc8 36. a6 1-0

[Event "Montreal op"]
[Site "Montreal"]
[Date "2000.??.??"]
[Round "5"]
[White "Corriveau, Philippe"]
[Black "Ibrahim, Anthony"]
[Result "0-1"]
[WhiteElo "1802"]
[BlackElo "2166"]
[PlyCount "30"]
[EventDate "2000.??.??"]
[EventType "swiss"]
[EventRounds "5"]
[EventCountry "CAN"]
[SourceTitle "EXT 2003"]
[Source "ChessBase"]
[SourceDate "2002.11.25"]
[SourceVersion "1"]
[SourceVersionDate "2002.11.25"]
[SourceQuality "1"]

1. e4 c5 2. Nf3 Nc6 3. d4 cxd4 4. Nxd4 Nf6 5. Nc3 e5 6. Ndb5 d6 7. Bg5 a6 8. Na3 b5 9. Bxf6 gxf6 10. Nd5 Bg7 11. Bd3 Ne7 12. Nxe7 Qxe7 13. Qe2 0-0 14. c4 f5 15. cxb5 d5 0-1